Zlatan Ibrahimović - kluby w których grał - Nagła Śmierć - Statystyki

Ogólne statystyki
  • Ten quiz został rozwiązany 44 razy
  • Średni wynik to 8 z 9
Answers on the Grid
Answers color-coded by a green-red scale on the quiz's grid according to % correct below.
Malmo
Real Madryt
Napoli
DC United
Inter
Sporting
Feyenoord
Ajax
Manchester City
Arsenal
AC Milan
FC Porto
AS Monaco
Atletico Madryt
AIK
FC Barcelona
Juventus
Atalanta
Olympique Lyon
Sevilla
Villarreal
Manchester United
AL Nassr
Galatasaray
Los Angeles Galaxy
Borussia Dortmund
Lazio
PSG
Liverpool
Aston Villa
 
Statystyki odpowiedzi
Odpowiedź % Poprawnych
AC Milan
92%
Ajax
87%
FC Barcelona
87%
Inter
84%
Malmo
84%
Los Angeles Galaxy
82%
PSG
82%
Manchester United
79%
Juventus
74%
Nie znaleziono quizów pasujących do podanych kryteriów
Rozkład punktacji
Procent ludzi z każdym wynikiem
Percentyl według liczby udzielonych odpowiedzi
Twoja historia wyników
Nie rozwiązałeś tego quizu